书目信息 |
| 题名: |
跨文化交际与礼仪
|
|
| 作者: | 朱建新 , 刘玉君 主编 | |
| 分册: | ||
| 出版信息: | 南京 东南大学出版社 2020 |
|
| 页数: | 186页 | |
| 开本: | 26cm | |
| 丛书名: | ||
| 单 册: | ||
| 中图分类: | G125 | |
| 科图分类: | ||
| 主题词: | 文化交流--研究--中国--西方国家--高等学校--教材 | |
| 电子资源: | ||
| ISBN: | 978-7-5641-8224-3 | |
| 000 | 01248nam0 2200253 450 | |
| 001 | 2431162338 | |
| 005 | 20240829083945.19 | |
| 010 | @a978-7-5641-8224-3@dCNY35.00 | |
| 100 | @a20190419d2020 em y0chiy0120 ea | |
| 101 | 0 | @aeng@dchi@gchi |
| 102 | @aCN@b320000 | |
| 105 | @aa z 000yy | |
| 200 | 1 | @a跨文化交际与礼仪@9kua wen hua jiao ji yu li yi@b专著@dIntercultural communication and etiquette@f朱建新,刘玉君主编@zeng |
| 210 | @a南京@c东南大学出版社@d2020 | |
| 215 | @a186页@c图@d26cm | |
| 300 | @a“十三五”江苏省高等学校重点教材 | |
| 330 | @a本书首先介绍了跨文化交际研究涉及的“文化”“交际”“跨文化交际”等核心概念、特点及其关系,随后从中西方文化产生差异的哲学根源对中西方价值观进行对比,使学生从根本上了解中西文化差异的根源,帮助其建立民族文化自信以及消除文化自我中心主义。在最后的补充阅读部分,列举了部分“一带一路”沿线国家的风俗和礼仪,以帮助学生了解多样化的文化风俗和礼仪,拓展学生的跨文化视野,亦可作为学生日后进行外事交流时的重要参考。 | |
| 510 | 1 | @aIntercultural communication and etiquette@zeng |
| 606 | 0 | @a文化交流@x研究@y中国@x西方国家@x高等学校@j教材 |
| 690 | @aG125@v5 | |
| 701 | 0 | @a朱建新@9zhu jian xin@4主编 |
| 701 | 0 | @a刘玉君@9liu yu jun@4主编 |
| 801 | 2 | @aCN@b58marc.cn@c20190421 |
| 905 | @aZUCC@dG125@e13 | |
| 跨文化交际与礼仪=Intercultural communication and etiquette/朱建新,刘玉君主编.-南京:东南大学出版社,2020 |
| 186页:图;26cm |
| “十三五”江苏省高等学校重点教材 |
| ISBN 978-7-5641-8224-3:CNY35.00 |
| 本书首先介绍了跨文化交际研究涉及的“文化”“交际”“跨文化交际”等核心概念、特点及其关系,随后从中西方文化产生差异的哲学根源对中西方价值观进行对比,使学生从根本上了解中西文化差异的根源,帮助其建立民族文化自信以及消除文化自我中心主义。在最后的补充阅读部分,列举了部分“一带一路”沿线国家的风俗和礼仪,以帮助学生了解多样化的文化风俗和礼仪,拓展学生的跨文化视野,亦可作为学生日后进行外事交流时的重要参考。 |
| ● |
| 相关链接 |
|
|
|
正题名:跨文化交际与礼仪
索取号:G125/13
 
预约/预借
| 序号 | 登录号 | 条形码 | 馆藏地/架位号 | 状态 | 备注 |
| 1 | 2001767059 | 2001767059 | 第四书库/四26架A面3层1列/ [索取号:G125/13] | 在馆 | |
| 2 | 2001767060 | 2001767060 | 第四书库/四26架A面3层1列/ [索取号:G125/13] | 在馆 | |
| 3 | 2001767061 | 2001767061 | 第四书库/四26架A面3层1列/ [索取号:G125/13] | 在馆 | |
| 4 | 2001767062 | 2001767062 | 第四书库/四26架A面3层1列/ [索取号:G125/13] | 在馆 | |
| 5 | 2001767063 | 2001767063 | 第四书库/四26架A面3层1列/ [索取号:G125/13] | 在馆 | |
| 6 | 2001767064 | 2001767064 | 第四书库/四26架A面3层1列/ [索取号:G125/13] | 在馆 |